Music Quiz

Random Music or Song Quiz
Score 0/42 Timer 05:00
1,934 Plays Today
Hint Answer % Correct
Sweet Home _____Alabama
90.1%
Every _____ You TakeBreath
89.7%
____ Ladies (Put A Ring On It)Single
89.1%
Life in the _____ LaneFast
87.4%
Sweet _____ O' MineChild
87.4%
_____ to HeavenStairway
86.4%
Smells Like _____ SpiritTeen
86.2%
How To _____ A LifeSave
82.9%
I Heard It Through The _____Grapevine
80.9%
Total _____ of the HeartEclipse
77%
Rock Your _____Body
76.8%
House Of The _____ SunRising
74.8%
_____ YourselfLose
74%
Are You Gonna Be My _____Girl
73.3%
Addicted to _____Love
73.2%
_____ DanceJust
73.1%
Another Day In _____ Paradise
72.4%
Walk Like An _____Egyptian
70.8%
You _____ With Me Belong
70.1%
_____ (Looks Like a Lady)Dude
69.8%
99 _____Problems
68.7%
Hint Answer % Correct
_____ On The WaterSmoke
67.1%
That Don't _______ Me MuchImpress
64.4%
Magic _____ RideCarpet
64%
Enter _____Sandman
62.5%
_____ On MeTake
59.5%
Who Will Save Your _____Soul
56.8%
_____ AroundJump
49.1%
She's Like the _____Wind
48.8%
Mama Said _____ You OutKnock
48%
Riders On the _____Storm
46.2%
Back to _____Black
45.6%
_____ On My MindGeorgia
45%
Fight the _____Power
43.2%
We Are _____Family
42.9%
_____ MelodyUnchained
41.5%
Dancing In The _____Street
39.3%
_____ For The DevilSympathy
38.7%
_____ ManIron
36%
Rock Me _____Amadeus
30.2%
Space _____Oddity
27.9%
_____ KillerPsycho
24.4%

You're not logged in!

Compare scores with friends on all Sporcle quizzes.
OR
Log In

Sporcle TV

Today on Sporcle TV


Watch our educational content, quiz creation guides, and fun videos on Sporcle TV.

Show Comments

Extras

Top Quizzes Today


Score Distribution

Paid Content

Your Account Isn't Verified!

In order to create a playlist on Sporcle, you need to verify the email address you used during registration. Go to your Sporcle Settings to finish the process.

Report this User

Report this user for behavior that violates our Community Guidelines.

Details: